| 000 | nam a22 a 4500 | ||
|---|---|---|---|
| 999 |
_c2856 _d2856 |
||
| 003 | AKMAL | ||
| 005 | 20170518123859.0 | ||
| 008 | 170518r1989 my g| 000 0 eng d | ||
| 022 | _a98399634 | ||
| 039 | 9 |
_a200503071521 _bmanoriah |
|
| 040 |
_aAKMAL _cAKMAL |
||
| 049 | _amal | ||
| 082 | 0 | 4 |
_a658 PEN _222 |
| 090 | 0 | 0 |
_a658 _bPEN |
| 100 | 1 |
_aChan, Lawrence Kum Peng, _dDato' _96024 |
|
| 245 | 1 | 4 |
_aThe route to success / _cby Dato' Lawrence Chan Kum Peng |
| 260 |
_aKuala Lumpur : _bPersonal Development Leadership Management Corp;oration (M) , _c1989 |
||
| 300 |
_a206p. ; _c22cm. |
||
| 650 | 0 |
_aConduct of life _9472 |
|
| 650 | 0 |
_aSuccess _92 |
|
| 650 | 0 |
_aPersonal efficiency _96025 |
|
| 942 |
_2ddc _cBOOK |
||